000
00218nam a22000857a 4500
008
161220b xxu||||| |||| 00| 0 eng d
100
_9
2142
_a
kantha.S
245
_a
Animal Fair
260
_a
New Delhi
_b
Chilrens Book Trust
_c
2011
999
_c
5023
_d
5023